| 000 | 00411nam a22001577a 4500 | ||
|---|---|---|---|
| 003 | GBCCL | ||
| 005 | 20250624144209.0 | ||
| 008 | 250624b |||||||| |||| 00| 0 eng d | ||
| 040 | _cGBC | ||
| 082 |
_aVER 398 _bTHU |
||
| 100 | _aThuamkhopau, T | ||
| 245 |
_aPaite paunaak leh pau upate / _cT Thuamkhopau |
||
| 260 |
_aManipur : _bTribal research institute, _c2009 |
||
| 300 | _a120p. ; | ||
| 942 |
_2ddc _cBK _n0 |
||
| 999 |
_c10876 _d10876 |
||